| 000 | 01671nam a2200445 i 4500 | ||
|---|---|---|---|
| 001 | 8246 | ||
| 003 | KOSZ 005 | ||
| 005 | 20230213142719.0 | ||
| 008 | 080821s1962 pl a f 001 0 pol | ||
| 015 | _aPB 1963/191 | ||
| 040 |
_aWA N _cKOSZ 005/RW _dKOSZ 005/RW _dKOSZ 005/HR |
||
| 041 | 1 |
_apol _heng |
|
| 046 | _k1962 | ||
| 080 | _a620 | ||
| 100 | 1 |
_aFinnie, Iain. _eAutor. |
|
| 245 | 1 | 0 |
_aPełzanie materiałów konstrukcyjnych / _cIain Finnie, William R. Heller ; [tł. Zbigniew Bychawski, Zbigniew Orłoś, Jerzy T. Pindera]. |
| 246 | 1 |
_iTyt. oryg.: _aCreep of engineering materials _f1959. |
|
| 260 |
_aWarszawa : _bWydawnictwa Naukowo-Techniczne, _c1962. |
||
| 300 |
_a335, [1] s. : _bil., err. ; _c25 cm. |
||
| 336 |
_2rdacontent _aTekst _btxt |
||
| 337 |
_2rdamedia _aBez urządzenia pośredniczącego _bn |
||
| 338 |
_2rdacarrier _aWolumin _bnc |
||
| 380 | _aKsiążki. | ||
| 385 | _aInżynierowie | ||
| 388 | _a1901-2000 | ||
| 504 | _aBibliogr. przy rozdz. Indeks. | ||
| 521 | 8 | _aDla inżynierów. | |
| 650 | 4 | _aPełzanie (materiałoznawstwo) | |
| 658 | _aInżynieria i technika | ||
| 650 | 4 | _aMechanika | |
| 650 | 4 | _aKonstrukcje | |
| 650 | 4 | _aWytrzymałość materiałów | |
| 700 | 1 |
_aHeller, William R. _eAutor |
|
| 700 | 1 |
_aBychawski, Zbigniew. _eTłumaczenie |
|
| 700 | 1 |
_aPindera, Jerzy Tadeusz _d(1914- ). _eTłumaczenie |
|
| 710 | 2 |
_aWydawnictwa Naukowo-Techniczne _4pbl. |
|
| 700 | 1 |
_aOrłoś, Zbigniew _d(1921-2014) _eTłumaczenie |
|
| 856 |
_uhttp://koha.tu.koszalin.pl/cgi-bin/koha/opac-detail.pl?biblionumber=8246 _yKatalog online BPK |
||
| 942 |
_2UKD _cKS |
||
| 999 |
_c8246 _d8246 |
||